01067cam a22002411 4500001001300000003000400013005001700017008004100034010001700075035002000092040003200112042001200144050002200156060002700178100002800205245009100233260004800324300001300372490009400385500013600479500014600615810006400761l 38000049 DLC20260227111536.0820626s1938 xx 000 0 eng  al 38000049  a(OCoLC)14754645 aDLCcDNLMdInIUdOCoLCdDLC apremarc00aHV742.D6bL8 19380 aW1bUN6181 no.240 19381 aLundberg, Emma Octavia.14aThe public child-welfare program in the District of Columbia,cby Emma O. Lundberg ... aWashington,bU.S. Govt. print. off.,c1938. av, 82 p.1 aUnited States. Children's bureau. Publicationvno. 240 (Revised and enlarged edition) aAt head of title: United States Department of labor. Frances Perkins, secretary. Children's bureau. Katharine F. Lenroot, chief. a"The first part, which presents the conclusions and recommendations of the study, was published separately in 1937." - Letter of transmittal.1 aUnited States.bChildren's Bureau.tPublication ;vno. 240.